000 00909cam a22002531i 4500
003 SA-RiAUC
005 20250909123240.0
008 250908s1972 ua f f000 0 ara c
020 _a9776026656
040 _aJO-AmWISE
_bara
_cSA-RiAUC
_erda
082 0 4 _a810.72
_qSA-RiAUC
090 _a810.72
_bض ي ف
100 1 _aضيف، شوقي،
_d1910-2005
_eمؤلف.
245 1 2 _aالبحث الأدبي :
_bطبيعته، مناهجه، أصوله، مصادره /
_cشوقي ضيف.
250 _aالطبعة التاسعة.
264 1 _aالقاهرة :
_bدار المعارف،
_c1972
300 _a275 صفحة؛
_c24 سم.
336 _aنص
_btxt
_2rdacontent
_3كتاب
337 _aبدون وسيط
_bn
_2rdamedia
338 _aمجلد
_bnc
_2rdacarrier
650 7 _aالأدب العربي
_xمناهج بحث
_2aucsh
942 _2ddc
_cBOOK
_n0
949 _aSA-JeALM
_d250908
_umohamedma123
_n1
999 _c11548
_d11548